000 00931nam a22002537a 4500
005 20170124102955.0
010 _aA-734591
020 _c80.00
035 _aA-734591
037 _bCen Lib/Ret
040 _aDPL
_bHN
082 _a
_bभटना
100 _aभटनागर, योगेश
_952762
245 _aनसीबन /
_cयोगेश भटनागर
246 _aNasiban /
_bby Yogesh Bhatnagar
260 _aदिल्ली
_bशुभदा प्रकाशन
_c1995
270 _bदिल्ली
_a1/11052, A सुभाष पार्क, शाहदरा
_e110032
300 _a117पृ.
_c21सेमी (सजिल्द)
650 _aहिन्दी साहित्य
_952763
650 _aकहानी संग्रह
_952764
650 _aHindi literature
_952765
650 _aStory collection
_952766
942 _2ddc
_cHN
_h
_mभटना
999 _c113551
_d113551